000
00313pam a2200133a 44500
008
230405s2000 xxu||||| |||| 00| 0 eng d
041
_a
ENG
100
_a
Shaw ,G.B.
245
_a
Pygmalion
260
_a
DELHI
_b
Orient Longman
_c
2000
440
_a
Source = RATANAKAR MIRAJ
690
_a
ENGLISH
906
_a
3991
999
_c
784215
_d
784215